La tiranía del mérito: (Registro nro. 7748)

Detalles MARC
000 -Cabecera
Campo de control interno 00448nam a2200181Ia 4500
005 - Fecha y hora del registro
control field 20260306160518.0
008 - Elementos de Longitud Fija
fixed length control field 260306t2020||||xx |||||||||||||| ||spa||
041 ## - Idioma
Codigo Idioma ESP
082 ## - DEWEY y NOTACIÓN INTERNA
Dewey 361
Notación Interna S21
100 ## - AUTOR
Autor denominación Sandel, Michael J.
Término de relación autor
245 #0 - TÍTULO DE MATERIAL BIBLIOGRÁFICO
Título La tiranía del mérito:
Título paralelo ¿qué ha sido del bien común?
260 ## - CIUDAD, EDITORIAL, AÑO
Año 2020
300 ## - DESCRIPCIÓN
N° Páginas 364 páginas :
Dimensiones 23 cm.
650 ## - TEMAS
Temas Generalidades
654 ## - PROGRAMAS
Programa Dpto. de Humanidades
942 ## - ELEMENTOS DE KOHA
Tipo de documento Libro
Nombre del creador Justo Noguera
Código de catalogador Justo Noguera
Esquema de clasificación Dewey Decimal Classification
Suppress in OPAC
Existencias
Codigo completo Registro Colección Copia número Disponibilidad Tipo de préstamo Biblioteca Actual Procedencia (Biblioteca) Ubicacón Fecha Ingreso Tipo de Adquisición Date last seen Total checkouts Total renewals Date due Date last checked out Price effective from Tipo de Item Estado del Material Fuente de Clasificación Damaged status Withdrawn status
361 S21 1076175 Universidad Católica San Pablo 1 Disponible Disponible Víctor Andrés Belaunde Víctor Andrés Belaunde Planta baja abierta 03/06/2026 Compra 24/04/2026 2 2 04/05/2026 24/04/2026 06/03/2026 Libro Bueno Dewey Decimal Classification